LEADER 00978nam0-22003011i-450- 001 990004579060403321 005 20161020121925.0 035 $a000457906 035 $aFED01000457906 035 $a(Aleph)000457906FED01 035 $a000457906 100 $a19990604d1913----km-y0itay50------ba 101 0 $ager 105 $ay-------001yy 200 1 $aDighanikaya$edas Buch der Langen Texte der buddhisteschen Kanons$fin auswahl ubersetzt von R. Otto Franke 210 $aGottingen$cVandenhoeck und Ruprecht$aLeipzig$cJ.C. Hinrichs$d1913 215 $aLXXIX, 360 p.$d23 cm 225 1 $aQuellen der Religions Geschichte$iGruppe 8$v04 610 0 $aBuddismo$aDigha Nikaya (d?ghanik?ya, "Raccolta dei discorsi lunghi") 676 $a294.38 702 1$aFranke,$bR. Otto 801 0$aIT$bUNINA$gRICA$2UNIMARC 901 $aBK 912 $a990004579060403321 952 $a200/3 0127$bR.Bibl. 30$fFLFBC 959 $aFLFBC 996 $aDIGHANIKAYA$9549290 997 $aUNINA LEADER 01414nam 2200409 450 001 9910829958603321 005 20230213223955.0 010 $a0-89118-272-1 035 $a(CKB)3810000000041890 035 $a(WaSeSS)IndRDA00111423 035 $a(EXLCZ)993810000000041890 100 $a20190319d1964 uy 0 101 0 $aeng 135 $aur||||||||||| 181 $ctxt$2rdacontent 182 $cc$2rdamedia 183 $acr$2rdacarrier 200 00$aForage plant physiology and soil-range relationships /$fsponsored by the Crop Science Society of America, Soil Science Society of America and American Society of Range Management 210 1$aMadison, Wisconsion :$cAmerican Society of Agronomy,$d1964. 215 $a1 online resource (250 pages) 225 1 $aASA Special Publication ;$vNumber 5 311 $a0-89118-025-7 410 0$aASA special publication ;$vNumber 5. 606 $aPlant-soil relationships 606 $aForage plants$xSoils 615 0$aPlant-soil relationships. 615 0$aForage plants$xSoils. 676 $a582.0522 712 02$aCrop Science Society of America, 712 02$aSoil Science Society of America, 712 02$aAmerican Society of Range Management, 801 0$bWaSeSS 801 1$bWaSeSS 906 $aBOOK 912 $a9910829958603321 996 $aForage plant physiology and soil-range relationships$93974393 997 $aUNINA